000 01122nab a22002417a 4500
999 _c6506
_d6506
003 OSt
005 20260213123852.0
008 190429b xxu||||| |||| 00| 0 spa d
040 _cPJ
100 _94642
_aVaninetti, Hugo A.
245 1 0 _aConductas contra la integridad sexual en el metaverso. Los desafíos que se avecinan /
_cHugo A. Vaninetti.
260 _cCiudad Autónoma de Buenos Aires :
_aThomson Reuters La Ley,
_b2024.
300 _ap. 179-192
500 _aCita: TR LALEY AR/DOC/1953/2023.
505 _aSumario: I. Introducción. — II. Conceptos introductorios. Realidad virtual, realidad aumentada y realidad mixta. — III. Metaverso. — IV. Palabras finales.
505 _tSi te interesa el texto completo, solicitalo a koha@justierradelfuego.gov.ar
650 0 _9343
_aDERECHO PENAL
650 0 _92902
_aDELITOS CONTRA LA INTEGRIDAD SEXUAL
650 0 _9281
_aINTERNET
650 0 _96081
_aCIENCIA Y TECNOLOGÍA
773 0 _02658
_93164
_tRevista de derecho penal y criminología. Nº 7 - Junio 2024
_dCiudad Autónoma de Buenos Aires : Thomson Reuters La Ley, 2017-
_x00347914
942 _2udc
_cANA